Statistics for 10 Biggest U.S. Cities... #1

Click here to take the quiz!

General Stats

  • This quiz has been taken 135 times
    (59 since last reset)
  • The average score is 69 of 100

Answer Stats

# Population State U.S. City % Correct
1892,062Fla.Jacksonville
100%
1643,648Okla.Oklahoma City
100%
21,419,516Calif.San Diego
100%
11,626,078Ariz.Phoenix
100%
3621,349Ky.Louisville
100%
21,419,516Calif.San Diego
98%
13,999,759Calif.Los Angeles
98%
1704,621Colo.Denver
98%
7641,676Nev.Las Vegas
98%
6647,805Ore.Portland
98%
5724,745Wash.Seattle
98%
4884,363Calif.San Francisco
98%
1337,721HawaiiHonolulu
98%
31,035,317Calif.San Jose
98%
2294,356AlaskaAnchorage
98%
6308,626Mo.St. Louis
96%
1685,094Mass.Boston
96%
2863,002Ind.Indianapolis
96%
31,035,317Calif.San Jose
96%
4884,363Calif.San Francisco
96%
4200,544UtahSalt Lake City
96%
2488,943Mo.Kansas City
96%
2463,347Fla.Miami
96%
1892,062Fla.Jacksonville
93%
2667,560Tenn.Nashville
93%
2535,677Ariz.Tucson
93%
3180,393R.I.Providence
93%
1950,715TexasAustin
93%
4280,257Fla.Orlando
91%
3385,430Fla.Tampa
91%
3270,753N.J.Jersey City
91%
11,511,946TexasSan Antonio
91%
2464,474Colo.Colorado Springs
89%
6486,290Ga.Atlanta
89%
8123,400Conn.Hartford
89%
932,094AlaskaJuneau
87%
7466,893Neb.Omaha
87%
4643,648Okla.Oklahoma City
87%
7306,621Minn.St. Paul
87%
5558,545N.M.Albuquerque
87%
3366,623Colo.Aurora
87%
1031,644AlaskaFairbanks
85%
3683,577TexasEl Paso
80%
3496,401Ariz.Mesa
78%
8263,255Fla.St. Petersburg
78%
9501,901Calif.Sacramento
76%
5334,136Calif.Santa Ana
76%
7191,049Fla.Tallahassee
76%
6187,347Tenn.Knoxville
74%
6131,014Conn.New Haven
74%
5146,579Conn.Bridgeport
74%
10111,346N.H.Manchester
74%
8527,438Calif.Fresno
70%
10180,072Fla.Fort Lauderdale
70%
8425,195Calif.Oakland
67%
543,263HawaiiHilo
65%
4154,758Mass.Springfield
63%
9396,394TexasArlington
61%
5194,585Ala.Huntsville
61%
10469,450Calif.Long Beach
61%
5249,950Ariz.Scottsdale
61%
4165,080Colo.Fort Collins
61%
4209,889N.C.Fayetteville
59%
4253,458Ariz.Chandler
59%
2185,677Mass.Worcester
57%
6246,709Ariz.Glendale
54%
7242,354Ariz.Gilbert
54%
8185,038Ariz.Tempe
52%
1082,514IowaSioux City
52%
9113,630Mass.Cambridge
52%
9216,995Calif.San Bernardino
50%
6239,673Fla.Hialeah
50%
7130,824Conn.Stamford
48%
8189,344Fla.Port St. Lucie
46%
10210,888Calif.Santa Clarita
43%
6136,170UtahWest Valley City
43%
7183,299TexasBrownsville
41%
9147,682Ill.Naperville
39%
9111,127Colo.Pueblo
39%
9183,365Fla.Cape Coral
39%
10134,805Ariz.Surprise
35%
447,698HawaiiPearl City
35%
8152,939Tenn.Clarksville
33%
5154,958Colo.Lakewood
33%
7118,807Colo.Arvada
30%
9168,181Ariz.Peoria
30%
349,914HawaiiEast Honolulu
28%
10110,250Colo.Centennial
26%
8112,812Colo.Westminster
24%
638,635HawaiiKailua
20%
6136,978Colo.Thornton
17%
7107,074Calif.Daly City
15%
10135,329Calif.Roseville
15%
8104,903TexasLeague City
13%
834,597HawaiiKaneohe
13%
738,216HawaiiWaipahu
11%
986,685Calif.Redwood City
9%

Score Distribution

Percentile by Number Answered

Percent of People with Each Score

Your Score History

You have not taken this quiz since the last reset